Città Vincitrici Serie A - Statistics

Statistiche generali
  • Questo quiz è stato fatto 159 volte
  • Il punteggio medio è 10 su 12
Statistiche sulle risposte
Numero titoli Numero squadre vincitrici Città % Corretto
39 2 Milano
99%
4 1 Napoli
99%
43 2 Torino
99%
5 2 Roma
96%
10 2 Genova
95%
2 1 Firenze
90%
7 1 Bologna
89%
7 1 Vercelli
85%
1 1 Verona
81%
1 1 Cagliari
79%
1 1 Casale Monferrato
49%
1 1 Novi Ligure
22%
Nessun quiz corrispondente trovato
Distribuzione punteggi
Percentuale di utenti per punteggio
Percentile per numero di risposta
I tuoi punteggi nel tempo
Non hai fatto questo quiz